000 00757cam a22002651 4500
001 15134
003 BD-RjUL
005 20211208235745.0
008 140209s1960 nyua 001 0 eng d
035 _a(BD-RjUL) 15188
035 _a(OCoLC)685561
040 _aDLC
_cOClU
_dUk
_dDLC
_dBD-RjUL
_beng
041 _aeng
082 0 0 _a 657.08
_bJEA 1960
100 1 _aJencks, William B.
_q(William Baldwin),
_d1909-
_947105
245 1 0 _aAuditing principles /
_cWilliam B. Jencks
260 _aNew York :
_bMcGraw-Hill,
_c1960.
300 _a526 p. :
_billus. ;
_c24 cm.
504 _aIncludes Index
650 0 _aAuditing.
_947107
942 _2ddc
_cBK
999 _c15134
_d15134